000 01082nam a22002297a 4500
005 20110811151937.0
010 _aB-428669-670
020 _a9788172239718
_c299.00
035 _aB-428669-670
037 _bResearchco Book Centre/22425/2010-11/17.3.11/76/4.3.11/30.3.11
082 _aN
100 1 _aIrani, Anosh,
_d1974-
_932928
245 1 0 _aDahanu Road /
_cAnosh Irani.
260 _aNew Delhi :
_bHarperCollins Publishers India
_c2010.
300 _axiii, 304 p. ;
_c20 cm. (Pbk)
500 _aNovel.
942 _2ddc
_cEN
_hN
_mIRA
999 _c55275
_d55275